| 000 | 00656nam a2200181 a 4500 | ||
|---|---|---|---|
| 003 | 0 | ||
| 005 | 20250208100514.0 | ||
| 008 | 130125s19uu xx 00 eng d | ||
| 050 |
_aPHS GV 706.4 _b.L478 2012 |
||
| 100 | _aLee, Ki Ryang | ||
| 245 |
_aThe level of sports enthusiasm of male and female high school students / _cLee Ki Ryang. |
||
| 260 |
_aLas PiƱas City, Philippines : _bSouthville International School and Colleges, _c2012. |
||
| 300 |
_a26 pages : _billustrations ; _c28 cm. |
||
| 504 | _aIncludes bibliographical references. | ||
| 650 |
_aSports _xSex differences _xAnalysis |
||
| 650 |
_aHigh school students _xAnalysis |
||
| 942 |
_2lcc _cPASS |
||
| 999 |
_c98847 _d98847 |
||